Where were they born - Statistics

General Stats
  • This quiz has been taken 17 times
  • The average score is 9 of 30
Answer Stats
Person Profession Birthplace % Correct
Emily Blunt Actress London
94%
Robert Downey Jr Actor New York City
94%
John Lennon Singer Liverpool
88%
Drake Rapper Toronto
81%
Mark Wahlberg Actor Boston
75%
Drew Brees Retired NFL Player Dallas
56%
Matt Rife Comedian Columbus
31%
Elon Musk Entreprenuer Pretoria
31%
Joe Biden US President Scranton
31%
Connor Bedard NHL Player Vancouver
31%
Jeff Bezos Entreprenuer Albuquerque
19%
Jessica Alba Actress Pomona
19%
Eminem Rapper St Joseph
19%
John Cena Wrestler, Actor West Newbury
19%
Taylor Swift Singer West Reading
19%
Evander Hoolyfield Boxer Atmore
13%
Odell Beckham Jr NFL Player Baton Rouge
13%
Andy Samberg Actor Berkeley
13%
Lamelo Ball NBA Player Chino Hills
13%
Drew Lock NFL Player Columbia, MO
13%
John Stamos Actor Cypress, CA
13%
Addison Rae TikToker Lafayette
13%
Charli D'Amelio TikToker Norwalk
13%
Connor McDavid NHL Player Richmond Hill
13%
Serena Williams Tennis Player Saginaw
13%
Bella Poarch TikToker San Fabian
13%
Vini Jr Soccer Player Sao Goncalo
13%
Doja Cat Singer Tarzana
13%
Mohamed Salah Soccer Player Basyoun
6%
Don Cheadle Actor Kansas City, MO
6%
No matching quizzes found
Score Distribution
Percent of People with Each Score
Percentile by Number Answered
Your Score History
You have not taken this quiz